000 00436nam a2200157 i 4500
001 99208
003 ES-MaACL
005 20230906182447.0
007 t|
008 050902s1968 sp |||| | spa d
100 1 _aMartín Abril, José Luis.
_977382
245 1 4 _aLas nubes bajas
_b: (novela) /
_cJosé Luis Martín Abril.
260 _aMadrid :
_bEditora Nacional,
_c1968.
300 _a220 p. ;
_c21 cm.
852 _aES-MaACL
_jB-8719
999 _c99208
_d99208